Stravovacie návyky na Slovensku sú čoraz horšie

Bibliographic Details
Format: Article
Language:Slovak
PhysicalDescription:Fotogr.
ISSN:1335-4477
Subjects:

MARC

LEADER 00000nab a2200000 a 4500
001 vtls008954491
003 SK-MaSNL
005 20260303070322.0
008 140303c2007 xo wrzp 0 0slo
015 |a SNBRB2007/02  |2 snkbucl 
040 |a SNKBUCL  |b slo  |c SNKBUCL  |e AACR2 
041 0 |a slo 
044 |a xo  |c SK 
080 |a 613.2  |x (437.6)  |2 1997 
245 0 0 |a Stravovacie návyky na Slovensku sú čoraz horšie  |c [autor] (mž) 
300 |a Fotogr. 
650 0 7 |a zdravie  |x výživa  |2 snkbucl  |9 527928 
650 0 7 |a výživa  |x zdravie  |2 snkbucl  |9 527927 
773 0 |t Zdravotnícke noviny  |g Roč. XII, č. 8 (2007), s. 13  |x 1335-4477 
852 |a SNK  |b KIS3GCP 
958 |a MI 
958 |a SK 
999 |c 1754860  |d 1756790